00608 2200217 4500001002100000005001500021035002000036007000300056008004100059082000800100084001400108100002600122245005400148260003700202300003100239650001500270856004800285990001900333990001900352990001900371INLIS00000000000474320200825101831 a0010-0820004743ta200825 0 ind  a510 a510 PRA i0 aPRASETYONO, Dwi Sunar1 aIntisari & kumpulan Rumus Matematika Untuk SMA/MA aYogyakarta :bPower Books,c2009 a367 Hal. :bilus. ;c20 cm aMATEMATIKA aDINAS PERPUSTAKAAN DAN KEARSIPAN KOTA MEDAN a44292/PUM/2012 a44293/PUM/2012 a44291/PUM/2012